|
|
|
|
| LEADER |
00000cam a2200000 4500 |
| 001 |
vtls001521871 |
| 003 |
SK-MaSNL |
| 005 |
20260302073924.0 |
| 008 |
050401s1826 xo 000 0 lat |
| 015 |
|
|
|a SNKHF
|
| 040 |
|
|
|a SNK
|b slo
|c SNK
|e rda
|
| 041 |
0 |
|
|a lat
|
| 044 |
|
|
|a xo
|c SK
|
| 072 |
|
7 |
|a 2
|x Náboženstvo
|2 konspekt
|
| 080 |
|
|
|a 26‑534.3
|2 2011
|
| 130 |
0 |
|
|a Gebete
|9 531124
|
| 245 |
0 |
0 |
|a Gebete und Andacht-Uebungen : zur Beförderung der Verehrung des heiligsten Herzens Jesu, dessen Fest in dem Gotteshause der Wohlehrwürdigen Frauen aus der Gesellschaft der heiligen Ursula zu Preßburg jährlich am Freitage nach der Octav des Frohnleichnams unsers Erlösers, und die folgenden Täge feierlich begangen wird. Zusammengetragen, sammt einem Vorbericht von dem Ursprunge, Endzwenge, und Nutzen dieser höchstlöblichen Andacht.
|
| 264 |
|
3 |
|a Preßburg
|b gedruckt bei Carl C. Snischek
|c 1826
|
| 300 |
|
|
|a 60 strán
|c 15 cm
|
| 336 |
|
|
|a text
|b txt
|2 rdacontent
|
| 337 |
|
|
|a bez média
|b n
|2 rdamedia
|
| 338 |
|
|
|a zväzok
|b nc
|2 rdacarrier
|
| 546 |
|
|
|a Nemčina
|b Fraktúra
|
| 650 |
0 |
7 |
|a modlitby
|2 SNKPH
|9 1743
|
| 700 |
1 |
|
|a Snížek, Karol Gašpar,
|d 1777-1832
|4 prt
|9 320016
|
| 752 |
|
|
|a Slovensko
|d Bratislava
|
| 852 |
|
|
|a Slovenská národná knižnica
|b Historické fondy
|p SE 2435
|
| 958 |
|
|
|a ONDV
|
| 958 |
|
|
|a DF
|
| 999 |
|
|
|c 1162882
|d 1164812
|
| 952 |
|
|
|a SNK
|b SNK
|y PREZ
|7 0
|p 17A0744062
|o snkSE 2435
|i snkKSF 1159/58
|8 5
|0 0
|1 0
|4 0
|d 2011-11-08
|f 1
|l 0
|r 2026-02-24 20:39:05
|w 2026-02-24
|
| 952 |
|
|
|a SNK
|b SNK
|y PREZ
|7 0
|p 17A0462402
|o snkSE 2435 D2
|i snkD 2261/73
|8 1
|0 0
|1 0
|4 0
|d 2005-04-01
|l 0
|r 2026-02-24 20:39:05
|w 2026-02-24
|
| 952 |
|
|
|a SNK
|b SNK
|y PREZ
|7 0
|p 17A0462622
|o snkSE 2435 D1
|i snk2022/18991
|8 5
|0 0
|1 0
|4 0
|d 2005-04-01
|l 0
|r 2026-02-24 20:39:05
|w 2026-02-24
|